|
|
|
|
| LEADER |
00896nam a2200289 4500 |
| 001 |
DLU090070013 |
| 005 |
##20090521 |
| 040 |
# |
# |
|a DLU
|b eng
|
| 041 |
# |
# |
|a eng
|
| 044 |
# |
# |
|a US
|
| 100 |
# |
# |
|a Eakin, Lori,.
|
| 245 |
# |
# |
|a Virtual reference, real money : Modeling costs in virtual reference services /
|c Lori Eakin, Jeffrey Pomerantz.
|
| 653 |
# |
# |
|a Academic libraries
|
| 653 |
# |
# |
|a Economic aspects
|
| 653 |
# |
# |
|a Electronic reference services
|
| 653 |
# |
# |
|a Reference services
|
| 700 |
# |
# |
|a Pomerantz, Jeffrey.
|
| 773 |
# |
# |
|t Portal : Libraries and the Academy
|g Vol. 9, no. 1 (January 2009), p. 133-164
|
| 920 |
# |
# |
|a Phòng Tạp chí -- Trung tâm Thông tin - Thư viện Trường Đại học Đà Lạt
|
| 994 |
# |
# |
|a DLU
|
| 900 |
# |
# |
|a True
|
| 911 |
# |
# |
|a Trương Bảo Trâm Anh
|
| 925 |
# |
# |
|a G
|
| 926 |
# |
# |
|a A
|
| 927 |
# |
# |
|a BB
|
| 980 |
# |
# |
|a Thư viện Trường Đại học Đà Lạt
|